00538nam a22001937a 450000500170000001000130001702000220003003500130005203700160006504000120008108200150009310000200010824500420012826000360017027000570020630000200026365000200028365000410030320170124110027.0 aA-898817 c45.00a8175640855 aA-898817 bCen Lib/Ret aDPLbEN a553.8bSHA aShastri, Rakesh aIndian gemmology /cby Rakesh Shastri aDelhibSahni Publicationsc1999 a4777, Dr. Mitra gali Roshanara Road bDelhie110007 a160p.c17cm(Hb) aPrecious stones aPrecious stones--Law and legislation